000 00878cam a2200265 a 4500
001 4664614
003 PILC
005 20150909080245.0
008 810501s1981 ilua b 001 0 eng
010 _a 80065802
040 _aDLC
_cDLC
_dDLC
050 0 0 _aHF 5718
_b.H84 1982
082 0 0 _a658.4/5
100 1 _aHuseman, Richard C.
245 1 0 _aBusiness communication :
_bstrategies and skills /
_cRichard C. Huseman, James M. Lahiff, John D. Hatfield.
260 _aHinsdale, Ill. :
_bDryden Press,
_c1981.
300 _a430 pages :
_billustrations ;
_c25 cm.
440 4 _aThe Dryden Press series in management
500 _aIncludes bibliographical references and index.
650 0 _aBusiness communication.
700 1 _aLahiff, James M.
700 1 _aHatfield, John D.,
_d1943-
906 _a7
_bcbc
_corignew
_d2
_eopcn
_f19
_gy-gencatlg
942 _2lcc
_cBK
_kFOR
999 _c288653
_d288653